书目信息 |
| 题名: |
李贽研究参考资料
|
|
| 作者: | ;厦门大学历史系 编 | |
| 分册: | 第二辑 | |
| 出版信息: | 福州 福建人民出版社 1976 |
|
| 页数: | 249页 | |
| 开本: | 19cm | |
| 丛书名: | ||
| 单 册: | ||
| 中图分类: | B248.915 | |
| 科图分类: | ||
| 主题词: | 李贽--研究 | |
| 电子资源: | ||
| ISBN: | ||
| 000 | 00618nam0 2200217 45 | |
| 001 | 0176000312 | |
| 005 | 20060912093440.37 | |
| 010 | @dCNY0.46 | |
| 100 | @a19950630d1976 emky0chiy0121 ea | |
| 101 | 0 | @achi |
| 102 | @aCN@b350000 | |
| 105 | @ay z 000yy | |
| 200 | 10 | @a李贽研究参考资料@Ali zhi yan jiu can kao zi liao@h第二辑@f厦门大学历史系编 |
| 210 | @a福州@c福建人民出版社@d1976 | |
| 215 | @a249页@d19cm | |
| 606 | @a李贽@x研究 | |
| 690 | @aB248.915@v3 | |
| 711 | 02 | @a厦门大学历史系@Axia men da xue li shi xi@4编 |
| 801 | 0 | @aCN@bTSSF@c20060912 |
| 801 | 2 | @aCN@bNLC@c20060818 |
| 905 | @a10447@dB248.915@e19:2 | |
| 李贽研究参考资料.第二辑/厦门大学历史系编.-福州:福建人民出版社,1976 |
| 249页;19cm |
| ISBN :CNY0.46 |
| ● |
| 相关链接 |
|
|
|
|
正题名:李贽研究参考资料
索取号:B248.915/19:2
 
预约/预借
| 序号 | 登录号 | 条形码 | 馆藏地/架位号 | 状态 | 备注 |
| 1 | 0469309 | 204693091 | 密集书库/ [索取号:B248.915/19:2] | 在馆 | |
| 2 | 0469310 | 204693108 | 密集书库/ [索取号:B248.915/19:2] | 在馆 | |
| 3 | 0469311 | 204693117 | 密集书库/ [索取号:B248.915/19:2] | 在馆 | |
| 4 | 0469312 | 204693126 | 密集书库/ [索取号:B248.915/19:2] | 在馆 | |
| 5 | 0475193 | 204751937 | 密集书库/ [索取号:B248.915/19:2] | 在馆 |